[Event "FRA-chT 9900"]
[Site "France"]
[Date "2000.05.01"]
[Round "11.9"]
[White "Mourgues, Joelle"]
[Black "Leblon, Georges"]
[Result "0-1"]
[WhiteElo "1790"]
[BlackElo "2053"]
[PlyCount "114"]
[EventDate "1999.02.04"]
[EventType "team"]
[EventRounds "11"]
[EventCountry "FRA"]
[SourceTitle "EXT 2001"]
[Source "ChessBase"]
[SourceDate "2000.11.22"]
[SourceVersion "1"]
[SourceVersionDate "2000.11.22"]
[SourceQuality "1"]

1. Nf3 d5 2. g3 Nf6 3. Bg2 g6 4. 0-0 Bg7 5. d3 0-0 6. c3 Re8 7. Qc2 e5 8. e4 c6 9. Nbd2 h6 10. Re1 Nh5 11. Nf1 dxe4 12. dxe4 f5 13. Nh4 Qf6 14. exf5 gxf5 15. Bf3 Qf7 16. Qb3 Be6 17. Qd1 Nf6 18. Ne3 e4 19. Bg2 Nd5 20. Bh3 Nxe3 21. Bxe3 Nd7 22. Qd2 Kh7 23. Qd6 Be5 24. Qd2 Rad8 25. Qc1 Bg7 26. Qc2 Ne5 27. Red1 Rd3 28. Rxd3 exd3 29. Qa4 Nc4 30. Qxa7 Rd8 31. Qc5 Bf8 32. Bxf5+ Bxf5 33. Qxf5+ Qxf5 34. Nxf5 Rd5 35. Nd4 c5 36. Nf3 Bg7 37. Nd2 Nxb2 38. Rc1 c4 39. h4 Ra5 40. Bd4 Rxa2 41. Kf1 b5 42. Be3 Na4 43. Ne4 Rb2 44. Bd2 Nc5 45. Nxc5 Rxd2 46. Ne4 Rc2 47. Rb1 d2 48. Rd1 Bxc3 49. Nxc3 Rxc3 50. Rxd2 b4 51. Rd7+ Kg6 52. Rd6+ Kh5 53. Rd5+ Kg4 54. Ke2 b3 55. Rb5 Rc2+ 56. Ke3 b2 57. f4 c3 0-1